IATA Airport Codes by City (NORTH AMERICA) - Statistics

General Stats
  • This quiz has been taken 2,928 times
  • The average score is 19 of 27
Answer Stats
Hint Answer % Correct
ATL Atlanta
99%
SFO San Francisco
95%
LAS Las Vegas
94%
MIA Miami
94%
DAL Dallas
93%
SEA Seattle
93%
BOS Boston
92%
MEX Mexico City
88%
PHX Phoenix
87%
ORD Chicago
84%
HAV Havana
81%
PHL Philadelphia
79%
IAD Washington, DC
78%
HNL Honolulu
75%
ANC Anchorage
72%
YUL Montreal
72%
LGA New York
70%
DTW Detroit
62%
STL St. Louis
59%
LEX Lexington
54%
NAS Nassau
51%
MSY New Orleans
50%
YEG Edmonton
49%
YOW Ottawa
48%
MTY Monterrey
27%
PAP Port-au-Prince
21%
MGA Managua
16%
No matching quizzes found
Score Distribution
Percent of People with Each Score
Percentile by Number Answered
Your Score History
You have not taken this quiz